000 00638 a2200277 4500
260 _aVilleurbanne
630 _a57 - Biologie
037 _b3, Achat
650 _a5 - SCIENCES EXACTES ET NATURELLES
100 _aLouisot, Pierre
260 _bSimep Editions
245 _aBiochimie structurale : 2. Acides nucléiques
300 _a47 p
650 _aBiochimie
260 _c1974
300 _b27cm
100 _lFr
440 _aBiochimie
037 _aS 5984
037 _aS14167
037 _aS 4027
250 _a2e éd. revue, corigée et augmentée
020 _a2-85334-100-3
999 _c41603
_d41603